| 000 | 00843cpcaa2200253 4500 | ||
|---|---|---|---|
| 001 | mm 79005221 | ||
| 003 | DLC | ||
| 005 | 20260227111650.0 | ||
| 008 | 790521|||||||||||| eng | ||
| 010 | _amm 79005221 | ||
| 040 |
_aDLC _cDLC _edacs _dDLC |
||
| 072 | 7 |
_aW _2lcmd |
|
| 100 | 1 |
_aForbes, Archibald, _d1838-1900. |
|
| 245 | 0 | 0 |
_aArchibald Forbes papers, _f1889-1898. |
| 300 |
_a19 _fitems. |
||
| 506 | 0 | _aOpen to research. | |
| 533 |
_aIn part, typewritten transcript. _b[S.l.]. |
||
| 545 | 0 | _aJournalist. | |
| 546 | _aCollection material in English. | ||
| 580 | _aForms part of: Miscellaneous Manuscripts collection. | ||
| 656 | 7 |
_aJournalists. _2itoamc |
|
| 999 |
_c41872 _d41872 |
||